[Event "USA-chT Amateur East"]
[Site "Parsippany"]
[Date "2010.02.15"]
[Round "5"]
[White "Riordan, Charles"]
[Black "Mirabile, Tim"]
[Result "1-0"]
[WhiteElo "2305"]
[BlackElo "2175"]
[PlyCount "65"]
[EventDate "2010.02.13"]
[EventType "team-tourn"]
[EventRounds "6"]
[EventCountry "USA"]
[SourceTitle "CBM 135 Extra"]
[Source "ChessBase"]
[SourceDate "2010.05.04"]
[SourceVersion "1"]
[SourceVersionDate "2010.05.04"]
[SourceQuality "1"]

1. Nf3 Nf6 2. c4 g6 3. Nc3 d5 4. cxd5 Nxd5 5. Qa4+ Bd7 6. Qh4 Nxc3 7. bxc3 c5 8. Rb1 Qc7 9. Qg3 Qxg3 10. hxg3 b6 11. e4 Nc6 12. d4 cxd4 13. cxd4 Bg7 14. Be3 0-0 15. Ba6 Rad8 16. 0-0 Bc8 17. Bxc8 Rxc8 18. Rfc1 Rfd8 19. Kf1 h5 20. Rc2 e6 21. Rbc1 Ne7 22. Rc7 Rxc7 23. Rxc7 Nc8 24. Ng5 Rf8 25. Nxf7 Rxf7 26. Rxc8+ Rf8 27. Rc6 Rd8 28. Rxe6 Bxd4 29. Bg5 Rd7 30. Rxg6+ Rg7 31. Rxg7+ Kxg7 32. Ke2 b5 33. Be3 1-0

[Event "USA-chT Amateur East"]
[Site "Parsippany"]
[Date "2010.02.14"]
[Round "4"]
[White "Mirabile, Tim"]
[Black "Daftani, Marajudin"]
[Result "1/2-1/2"]
[WhiteElo "2175"]
[BlackElo "2155"]
[PlyCount "50"]
[EventDate "2010.02.13"]
[EventType "team-tourn"]
[EventRounds "6"]
[EventCountry "USA"]
[SourceTitle "CBM 135 Extra"]
[Source "ChessBase"]
[SourceDate "2010.05.04"]
[SourceVersion "1"]
[SourceVersionDate "2010.05.04"]
[SourceQuality "1"]

1. e4 e5 2. Nf3 Nc6 3. d4 exd4 4. Bc4 Nf6 5. e5 d5 6. Bb5 Ne4 7. Nxd4 Bc5 8. Be3 Bd7 9. Bxc6 bxc6 10. 0-0 Qe7 11. Re1 0-0 12. f3 Ng5 13. f4 Ne4 14. Nd2 Nxd2 15. Qxd2 Bb6 16. Nb3 Qh4 17. g3 Qh3 18. Qg2 Qh5 19. Nc5 Bf5 20. b4 a5 21. a3 axb4 22. axb4 Rfe8 23. Qf2 Bxc5 24. Bxc5 Be4 25. c3 Qh3 1/2-1/2

[Event "Nassau-ch"]
[Site "Nassau"]
[Date "2009.11.02"]
[Round "3"]
[White "Mirabile, Tim"]
[Black "Tamarkin, Larry S"]
[Result "1-0"]
[WhiteElo "2217"]
[BlackElo "2007"]
[PlyCount "89"]
[EventDate "2009.10.19"]
[EventType "swiss"]
[EventRounds "10"]
[EventCountry "USA"]
[SourceTitle "EXT 2011"]
[Source "ChessBase"]
[SourceDate "2010.11.26"]
[SourceVersion "1"]
[SourceVersionDate "2010.11.26"]
[SourceQuality "1"]

1. e4 c5 2. Nf3 e6 3. d4 cxd4 4. Nxd4 a6 5. Bd3 Qc7 6. 0-0 Nc6 7. Nxc6 dxc6 8. Qe2 Bc5 9. Kh1 e5 10. f4 Nf6 11. f5 h5 12. Be3 Qb6 13. Bxc5 Qxc5 14. Qf2 Qxf2 15. Rxf2 c5 16. a4 Bd7 17. Nd2 Bc6 18. Re2 0-0 19. Nb3 c4 20. Bxc4 Bxe4 21. Nc5 Bxf5 22. Rxe5 Bxc2 23. Nxb7 Rfc8 24. b3 Rc7 25. Nd6 Bg6 26. Rae1 Rd7 27. Nf5 Rd2 28. Ne7+ Kh7 29. Nxg6 fxg6 30. h3 h4 31. Kg1 Kh6 32. R5e2 Rd4 33. a5 g5 34. Re6 g4 35. hxg4 Rxg4 36. Rxa6 Rd8 37. Rae6 h3 38. R6e2 Rdd4 39. a6 h2+ 40. Kxh2 Rh4+ 41. Kg1 Rh5 42. Re5 Rxe5 43. Rxe5 Rd1+ 44. Bf1 Ra1 45. b4 1-0

[Event "Nassau-ch"]
[Site "Nassau"]
[Date "2009.10.26"]
[Round "2"]
[White "Kan, Andrew"]
[Black "Mirabile, Tim"]
[Result "0-1"]
[WhiteElo "1755"]
[BlackElo "2217"]
[PlyCount "158"]
[EventDate "2009.10.19"]
[EventType "swiss"]
[EventRounds "10"]
[EventCountry "USA"]
[SourceTitle "EXT 2011"]
[Source "ChessBase"]
[SourceDate "2010.11.26"]
[SourceVersion "1"]
[SourceVersionDate "2010.11.26"]
[SourceQuality "1"]

1. e4 c5 2. d4 cxd4 3. c3 dxc3 4. Nxc3 d6 5. Bc4 e6 6. Nf3 a6 7. 0-0 Be7 8. Qe2 Nf6 9. Rd1 Nbd7 10. Bf4 b5 11. Bb3 Qb6 12. Rac1 0-0 13. Rd2 Bb7 14. Bc2 e5 15. Be3 Qd8 16. a3 Qb8 17. h3 Rd8 18. Nh2 Bc6 19. Nf1 Qb7 20. Ng3 g6 21. Rcd1 Nc5 22. Bh6 Ne6 23. Nd5 Bxd5 24. exd5 Nd4 25. Rxd4 exd4 26. Nf5 Re8 27. Qf3 Bf8 28. Nxd6 Bxd6 29. Qxf6 Be5 30. Qg5 Qe7 31. Qd2 Bf6 32. Bf4 Qe2 33. Bb3 Qxd2 34. Rxd2 Re1+ 35. Kh2 Rae8 36. Bd1 h5 37. g4 hxg4 38. hxg4 g5 39. Bg3 Kg7 40. Kg2 R1e7 41. Bf3 Rc8 42. d6 Ra7 43. Be4 a5 44. Bf5 Rc5 45. Be4 b4 46. axb4 axb4 47. Kh2 Rc1 48. Kg2 Kf8 49. Bf5 Rc5 50. Re2 Rd5 51. Be4 Rc5 52. Rd2 b3 53. Rd3 Rb5 54. Bc6 Rb6 55. Bd5 Ra5 56. Bxb3 Be5 57. d7 Rd6 58. Bc4 Bxg3 59. Kxg3 Rxd7 60. Kf3 f6 61. Ke2 Rd6 62. b4 Ra4 63. Rb3 Rb6 64. Kd3 Rbxb4 65. Rxb4 Rxb4 66. Kxd4 Ke7 67. Kc5 Ra4 68. f3 Ra5+ 69. Kd4 Kd6 70. Bd3 Rd5+ 71. Ke3 Ke5 72. Bf5 Ra5 73. Be4 Ra3+ 74. Kf2 Kf4 75. Kg2 Ra2+ 76. Kh3 Rf2 77. Bf5 Rxf3+ 78. Kg2 Rg3+ 79. Kf2 Rxg4 0-1

[Event "USA-chT Amateur East"]
[Site "Parsipanny"]
[Date "2009.02.14"]
[Round "2"]
[White "Privman, Boris"]
[Black "Mirabile, Tim"]
[Result "1/2-1/2"]
[WhiteElo "2172"]
[BlackElo "2180"]
[PlyCount "37"]
[EventDate "2009.02.14"]
[EventType "tourn"]
[EventRounds "6"]
[EventCountry "USA"]
[SourceTitle "CBM 129 Extra"]
[Source "ChessBase"]
[SourceDate "2009.05.05"]
[SourceVersion "2"]
[SourceVersionDate "2009.05.20"]
[SourceQuality "1"]

1. d4 Nf6 2. c4 g6 3. f3 d5 4. cxd5 Nxd5 5. e4 Nb6 6. Be3 Bg7 7. Nc3 Nc6 8. Bb5 Bd7 9. Nge2 Na5 10. Bxd7+ Qxd7 11. b3 0-0 12. 0-0 Nc6 13. Qd2 f5 14. d5 Nd8 15. Rad1 e6 16. dxe6 Qxd2 17. Rxd2 Nxe6 18. Rfd1 c6 19. a4 1/2-1/2

[Event "USA-chT Amateur East"]
[Site "Parsippany"]
[Date "2008.02.17"]
[Round "3"]
[White "Critelli, James M"]
[Black "Mirabile, Tim"]
[Result "1/2-1/2"]
[WhiteElo "2346"]
[BlackElo "2179"]
[PlyCount "61"]
[EventDate "2008.02.16"]
[EventType "team-tourn"]
[EventRounds "6"]
[EventCountry "USA"]
[SourceTitle "CBM 123 Extra"]
[Source "ChessBase"]
[SourceDate "2008.05.06"]
[SourceVersion "1"]
[SourceVersionDate "2008.05.06"]
[SourceQuality "1"]

1. e4 c5 2. Nc3 e6 3. Nf3 a6 4. d4 cxd4 5. Nxd4 d6 6. f4 Qc7 7. Bd3 Nf6 8. 0-0 b5 9. Qe2 Nbd7 10. Kh1 Bb7 11. a4 b4 12. Nd1 Nc5 13. Nf2 Be7 14. Bd2 d5 15. e5 Nfe4 16. Bxe4 Nxe4 17. Nd3 Qc4 18. Be3 g6 19. a5 Rc8 20. Qd1 Qc7 21. Qe1 Qc4 22. Qd1 Qc7 23. Kg1 Qc4 24. Ra4 Bc6 25. b3 Qc3 26. Ne2 Bxa4 27. Nxc3 Nxc3 28. Qf3 Bb5 29. Re1 Ne4 30. Nf2 Nxf2 31. Qxf2 1/2-1/2

[Event "USA-chT Amateur East"]
[Site "Parsippany"]
[Date "2008.02.16"]
[Round "2"]
[White "Boudreaux, Floyd"]
[Black "Mirabile, Tim"]
[Result "1/2-1/2"]
[WhiteElo "2129"]
[BlackElo "2179"]
[PlyCount "90"]
[EventDate "2008.02.16"]
[EventType "team-tourn"]
[EventRounds "6"]
[EventCountry "USA"]
[SourceTitle "CBM 123 Extra"]
[Source "ChessBase"]
[SourceDate "2008.05.06"]
[SourceVersion "1"]
[SourceVersionDate "2008.05.06"]
[SourceQuality "1"]

1. Nf3 Nf6 2. c4 g6 3. Nc3 d5 4. cxd5 Nxd5 5. Qb3 Nb6 6. d4 Bg7 7. Bf4 0-0 8. e3 c6 9. Be2 N8d7 10. 0-0 Qe8 11. a4 e5 12. dxe5 Nxe5 13. Nxe5 Bxe5 14. Bxe5 Qxe5 15. a5 Be6 16. Qb4 Nd5 17. Nxd5 Bxd5 18. Rfc1 Rfd8 19. h4 Rd7 20. Ra4 Rad8 21. Qc3 Qxc3 22. Rxc3 f5 23. Rb4 Kg7 24. f3 Re7 25. Kf2 Rd6 26. Rd4 Rde6 27. Bc4 Bxc4 28. Rdxc4 Rd6 29. Rb4 a6 30. Rcb3 Rdd7 31. Ke2 Kf6 32. Rd3 Ke6 33. Rdb3 Rf7 34. g3 Rfe7 35. Rb6 Kf7 36. R6b4 Ke8 37. e4 fxe4 38. fxe4 h5 39. Ke3 Kf7 40. Rd3 Rxd3+ 41. Kxd3 Ke6 42. Rd4 Rf7 43. Ke3 Rf1 44. Rb4 Rf7 45. Rd4 Rf1 1/2-1/2

[Event "Nassau CC-ch"]
[Site "Mineola"]
[Date "2007.11.26"]
[Round "7"]
[White "Mirabile, Tim"]
[Black "Luchan, Jason"]
[Result "1/2-1/2"]
[WhiteElo "2221"]
[BlackElo "2021"]
[PlyCount "143"]
[EventDate "2007.10.15"]
[EventType "swiss"]
[EventRounds "10"]
[EventCountry "USA"]
[SourceTitle "EXT 2009"]
[Source "ChessBase"]
[SourceDate "2008.11.26"]
[SourceVersion "1"]
[SourceVersionDate "2008.11.26"]
[SourceQuality "1"]

1. e4 e5 2. d4 exd4 3. Nf3 Nc6 4. Bc4 Bc5 5. c3 Nf6 6. e5 d5 7. Bb5 Ne4 8. cxd4 Bb6 9. 0-0 0-0 10. Be3 Bg4 11. Bxc6 bxc6 12. Nbd2 f6 13. exf6 Qxf6 14. Qc2 Nxd2 15. Nxd2 Bxd4 16. Bxd4 Qxd4 17. Nb3 Qf4 18. Qxc6 Rad8 19. f3 Qe3+ 20. Rf2 Bh5 21. Qc5 Qxc5 22. Nxc5 Rfe8 23. Rd2 d4 24. Rad1 Rd5 25. b4 a5 26. a3 axb4 27. axb4 Bg6 28. Rxd4 Re1+ 29. Rxe1 Rxd4 30. Re7 Rxb4 31. Rxc7 Rb1+ 32. Kf2 Rb2+ 33. Kg3 Rc2 34. Ne6 Rxc7 35. Nxc7 Kf7 36. Kf4 Bb1 37. g4 Bc2 38. g5 Bb3 39. Nb5 Bc2 40. Nd4 Bb1 41. h4 g6 42. Ke5 Bd3 43. Kd6 Bc4 44. Nc6 Be2 45. Ne5+ Kg7 46. Ke7 Bd1 47. f4 Be2 48. Nd7 Bd1 49. Nc5 Bg4 50. Ne6+ Kg8 51. Kf6 Bd1 52. Nd4 Bg4 53. Nc6 Kf8 54. Ne5 Bh5 55. Nd7+ Ke8 56. Nc5 Kf8 57. Ne6+ Kg8 58. Ng7 Bg4 59. f5 gxf5 60. Nxf5 Bd1 61. Ng7 Bc2 62. Ne6 Bb1 63. h5 Bc2 64. Ke7 Bd1 65. h6 Bc2 66. Nc7 Bg6 67. Nd5 Bc2 68. Kf6 Kh8 69. Ke7 Kg8 70. Nf6+ Kh8 71. Kf8 Bb3 72. Nd7 1/2-1/2

[Event "Nassau CC-ch"]
[Site "Mineola"]
[Date "2007.11.12"]
[Round "5"]
[White "Lenderman, Aleksandr"]
[Black "Mirabile, Tim"]
[Result "1-0"]
[WhiteElo "2455"]
[BlackElo "2221"]
[PlyCount "55"]
[EventDate "2007.10.15"]
[EventType "swiss"]
[EventRounds "10"]
[EventCountry "USA"]
[SourceTitle "EXT 2009"]
[Source "ChessBase"]
[SourceDate "2008.11.26"]
[SourceVersion "1"]
[SourceVersionDate "2008.11.26"]
[SourceQuality "1"]

1. Nc3 c5 2. Nf3 e6 3. d4 cxd4 4. Nxd4 a6 5. g3 d5 6. Bg2 Nf6 7. 0-0 Nc6 8. e4 dxe4 9. Nxc6 Qxd1 10. Rxd1 bxc6 11. Nxe4 Nxe4 12. Bxe4 Bb7 13. Bf4 Rd8 14. Rxd8+ Kxd8 15. Rd1+ Kc8 16. Rd3 Be7 17. Rc3 Kd7 18. Rb3 Kc8 19. Bxc6 Bxc6 20. Rb8+ Kd7 21. Rxh8 Be4 22. c3 g5 23. Be3 Bd8 24. Rf8 Bg6 25. f3 h5 26. h3 Ke7 27. Bc5+ Kd7 28. Kf2 1-0

[Event "Nassau CC-ch"]
[Site "Mineola"]
[Date "2006.10.16"]
[Round "1"]
[White "Mennella, James J"]
[Black "Mirabile, Tim"]
[Result "0-1"]
[WhiteElo "2000"]
[BlackElo "2211"]
[PlyCount "78"]
[EventDate "2006.10.16"]
[EventType "swiss"]
[EventRounds "10"]
[EventCountry "USA"]
[SourceTitle "EXT 2008"]
[Source "ChessBase"]
[SourceDate "2007.11.25"]
[SourceVersion "1"]
[SourceVersionDate "2007.11.25"]
[SourceQuality "1"]

1. d4 Nf6 2. f3 d5 3. e4 dxe4 4. Nc3 exf3 5. Nxf3 e6 6. Bg5 Be7 7. Bd3 c5 8. dxc5 Qa5 9. a3 Qxc5 10. Qe2 Nbd7 11. Be3 Qh5 12. Nb5 0-0 13. Nc7 Qa5+ 14. Bd2 Qxc7 15. 0-0-0 Nc5 16. Bc4 a6 17. Bc3 Nfe4 18. Be5 Bd6 19. Bxd6 Nxd6 20. Qe5 Ne8 21. Qe3 Nf6 22. h3 b5 23. Ba2 Bb7 24. g4 Rfd8 25. g5 Nd5 26. Bxd5 Rxd5 27. b4 Na4 28. Rxd5 Bxd5 29. Rf1 Rc8 30. Ne1 Qc3 31. Qf4 Qxa3+ 32. Kd2 Qc3+ 33. Kc1 Qc7 34. Qf2 Nc3 35. h4 Na2+ 36. Kb2 Nxb4 37. h5 Qc3+ 38. Kb1 Ba2+ 39. Kc1 Qxe1+ 0-1

[Event "World op 34th"]
[Site "Philadelphia"]
[Date "2006.07.04"]
[Round "8"]
[White "Mirabile, Tim"]
[Black "Iskakov, Aibek"]
[Result "0-1"]
[WhiteElo "2204"]
[BlackElo "2411"]
[PlyCount "66"]
[EventDate "2006.06.28"]
[EventType "swiss"]
[EventRounds "9"]
[EventCountry "USA"]
[SourceTitle "CBM 112 Extra"]
[Source "ChessBase"]
[SourceDate "2006.07.14"]
[SourceVersion "1"]
[SourceVersionDate "2006.07.14"]
[SourceQuality "1"]

1. e4 e5 2. d4 d6 3. Nf3 Nd7 4. Bc4 c6 5. 0-0 Be7 6. dxe5 dxe5 7. Ng5 Bxg5 8. Qh5 g6 9. Qxg5 Qxg5 10. Bxg5 Nc5 11. f3 Ne6 12. Be3 Nf6 13. a4 Nd4 14. Bxd4 exd4 15. Rd1 c5 16. c3 Be6 17. Bb5+ Ke7 18. cxd4 cxd4 19. Rxd4 Rhd8 20. Rxd8 Rxd8 21. Be2 Rd4 22. Nc3 Rb4 23. Rb1 Nd7 24. Kf2 Nc5 25. a5 Nb3 26. a6 bxa6 27. Bxa6 Nd2 28. Ra1 Rxb2 29. Be2 Rb7 30. Nb5 Nb3 31. Rxa7 Rxa7 32. Nxa7 Nd4 33. Nb5 Nxe2 0-1

[Event "Foxwoods op 08th"]
[Site "Ledyard"]
[Date "2006.04.13"]
[Round "2"]
[White "Mirabile, Tim"]
[Black "Boor, Carl Brandon"]
[Result "0-1"]
[WhiteElo "2204"]
[BlackElo "2217"]
[PlyCount "44"]
[EventDate "2006.04.12"]
[EventType "swiss"]
[EventRounds "9"]
[EventCountry "USA"]
[SourceTitle "CBM 111 Extra"]
[Source "ChessBase"]
[SourceDate "2006.05.09"]
[SourceVersion "1"]
[SourceVersionDate "2006.05.09"]
[SourceQuality "1"]

1. e4 c5 2. Nf3 e6 3. d4 cxd4 4. Nxd4 Nc6 5. Nc3 Qc7 6. Be2 a6 7. 0-0 Nf6 8. Be3 Bb4 9. Na4 Be7 10. Nxc6 bxc6 11. Qd4 Rb8 12. a3 a5 13. e5 Nd5 14. Bd2 c5 15. Qg4 Qxe5 16. c4 Bd6 17. g3 Nf6 18. Qf3 Bb7 19. Qd3 Be4 20. Qe3 Qf5 21. b4 Qh3 22. f3 Ng4 0-1